<?xml version="1.0" encoding="UTF-8"?><?xml-stylesheet type="text/xsl" href="static/style.xsl"?><OAI-PMH xmlns="http://www.openarchives.org/OAI/2.0/" xmlns:xsi="http://www.w3.org/2001/XMLSchema-instance" xsi:schemaLocation="http://www.openarchives.org/OAI/2.0/ http://www.openarchives.org/OAI/2.0/OAI-PMH.xsd"><responseDate>2026-06-01T08:43:35Z</responseDate><request verb="GetRecord" identifier="oai:riuma.uma.es:10630/30208" metadataPrefix="marc">https://riuma.uma.es/rest/oai/request</request><GetRecord><record><header><identifier>oai:riuma.uma.es:10630/30208</identifier><datestamp>2026-02-03T10:55:53Z</datestamp><setSpec>com_10630_2254</setSpec><setSpec>col_10630_37953</setSpec></header><metadata><record xmlns="http://www.loc.gov/MARC21/slim" xmlns:dcterms="http://purl.org/dc/terms/" xmlns:doc="http://www.lyncode.com/xoai" xmlns:xsi="http://www.w3.org/2001/XMLSchema-instance" xsi:schemaLocation="http://www.loc.gov/MARC21/slim http://www.loc.gov/standards/marcxml/schema/MARC21slim.xsd">
   <leader>00925njm 22002777a 4500</leader>
   <datafield ind2=" " ind1=" " tag="042">
      <subfield code="a">dc</subfield>
   </datafield>
   <datafield ind2=" " ind1=" " tag="720">
      <subfield code="a">García-Mestanza, Josefa</subfield>
      <subfield code="e">author</subfield>
   </datafield>
   <datafield ind2=" " ind1=" " tag="720">
      <subfield code="a">Cerezo-Medina, Alfonso</subfield>
      <subfield code="e">author</subfield>
   </datafield>
   <datafield ind2=" " ind1=" " tag="720">
      <subfield code="a">Cruz-Morato, Marco Antonio</subfield>
      <subfield code="e">author</subfield>
   </datafield>
   <datafield ind2=" " ind1=" " tag="260">
      <subfield code="c">2019-08-26</subfield>
   </datafield>
   <datafield ind2=" " ind1=" " tag="520">
      <subfield code="a">There is a growing awareness of Corporate Social Responsibility (CSR) and sustainability as a global movement. The hospitality sector is one of the major industries driving socioeconomic development worldwide (especially in economies such as Spain) and it has responded to this need, in the context of a general worsening of labor conditions in this sector. Evidence of this response is the Fair Hotels Project, which is an international collaborative effort aimed at building new partnerships between fair trade movements and trade unions in order to have a positive effect on the labour market in the hotel sector. This article describes the design of Hoteles Justos Laboralmente Responsables (HJLR), a fair labour justice and socially responsible model for hotels oriented to contribute to sustainability and labour justice within the Spanish hotel sector. The HJLR model was created to meet corporate, labour and local development needs. It includes accurate and objective measures—and homogeneous and comparable indicators—to assess the level of fairness and quality of labour practices of hotels. This model would be of great utility in improving the sustainability and quality of life of people working in this economic sector and could be also used by companies to improve their competitive position. The Spanish Government has shown its support for this project as a part of its 2030 sustainable tourism strategy, aimed to get the United Nation Sustainable Development Goals. Furthermore, this is a relevant line for future research, once the implementation phase is completed and quantitative data is available to measure the situation in depth.</subfield>
   </datafield>
   <datafield ind1="8" ind2=" " tag="024">
      <subfield code="a">García Mestanza J, Cerezo Medina A, Cruz Morato MA. A Model for Measuring Fair Labour Justice in Hotels: Design for the Spanish Case. Sustainability. 2019; 11(17):4639. https://doi.org/10.3390/su11174639</subfield>
   </datafield>
   <datafield ind1="8" ind2=" " tag="024">
      <subfield code="a">https://hdl.handle.net/10630/30208</subfield>
   </datafield>
   <datafield tag="653" ind2=" " ind1=" ">
      <subfield code="a">Responsabilidad social de la empresa</subfield>
   </datafield>
   <datafield tag="653" ind2=" " ind1=" ">
      <subfield code="a">Hostelería - Gestión de personal  - Aspectos morales</subfield>
   </datafield>
   <datafield tag="653" ind2=" " ind1=" ">
      <subfield code="a">Hoteles y pensiones - Gestión - Aspectos ambientales</subfield>
   </datafield>
   <datafield ind2="0" ind1="0" tag="245">
      <subfield code="a">A Model for Measuring Fair Labour Justice in Hotels: Design for the Spanish Case.</subfield>
   </datafield>
</record>
</metadata></record></GetRecord></OAI-PMH>